Textbook of Medical- Surgical Nursing (Record no. 1543)

MARC details
000 -LEADER
Fixed length control field 00642nam a2200217Ia 4500
003 - CONTROL NUMBER IDENTIFIER
Control field IIN
005 - DATE AND TIME OF LATEST TRANSACTION
Control field 20240102145848.0
008 - FIXED-LENGTH DATA ELEMENTS--GENERAL INFORMATION
Fixed length control field 231217s9999 xx 000 0 und d
020 ## - INTERNATIONAL STANDARD BOOK NUMBER / ISBN
Price Rs.3050.00
International Standard Book Number 9789393553287
040 ## - CATALOGING SOURCE
Original cataloging agency IIN
Language of cataloging English
082 ## - DEWEY DECIMAL CLASSIFICATION NUMBER
Classification number 610.73677
Book Number SHA
100 1# - MAIN ENTRY--PERSONAL NAME
Personal name Brunner
245 1# - TITLE STATEMENT
Title Textbook of Medical- Surgical Nursing
Statement of responsibility Brunner and Suddarth
250 ## - EDITION STATEMENT
Edition statement 2nd South Asia ed
Remainder of edition statement Suresh K. Sharma and S. Madhavi
260 ## - IMPRINT
Name of publisher Wolters Kluwer
Place of publication New Delhi
Date of publication 2022
300 ## - PHYSICAL DESCRIPTION
Page / Vol. No xxiv,1270-2102p./ Vol.2
650 1# - SUBJECT ADDED ENTRY--TOPICAL TERM
Topical term Medical Surgical
Form subdivision Nursing
700 1# - ADDED ENTRY--PERSONAL NAME
Personal name Sharma, Suresh K. Ed.
700 1# - ADDED ENTRY--PERSONAL NAME
Personal name Madhavi, S. Ed.
942 ## - ADDED ENTRY ELEMENTS (KOHA)
Koha item type Books
Holdings
Withdrawn status Lost status Damaged status Not for loan Collection code Home library Current library Date acquired Price Total Checkouts Call number Accession number Date last seen Copy number Price effective from Koha item type Source of classification Shelving location
          IDEAL INSTITUTE OF NURSING IDEAL INSTITUTE OF NURSING 17/12/2023 3050.00   610.73677 SHA 1537 17/12/2023 Vol.2 17/12/2023 Books    
          IDEAL INSTITUTE OF NURSING IDEAL INSTITUTE OF NURSING 17/12/2023 3050.00   610.73677 SHA 1538 17/12/2023 Vol.2 17/12/2023 Books    
          IDEAL INSTITUTE OF NURSING IDEAL INSTITUTE OF NURSING 17/12/2023 3050.00   610.73677 SHA 1539 17/12/2023 Vol.2 17/12/2023 Books    
        Purches Book IDEAL INSTITUTE OF NURSING IDEAL INSTITUTE OF NURSING 18/04/2025     610.73677 SHA 2126 09/09/2025 vol. 2 09/09/2025 Books Dewey Decimal Classification General Stacks
© Ideal Institute Of Nursing, All rights reserved.         Powered by Koha